00637nam a2200217 a 450000100060000000300080000600500170001400800410003102000150007202000150008703500190010204000270012104100080014808200240015624500750018026000410025530000260029650400510032265000240037370000220039758198BD-RjUL20211209080609.0161217s2004 mau b 001 0 eng  a0631235531 a063123554X a(BD-RjUL)58322 aDLCcDLCdBD-RjULbeng aeng00a330.9223bRED 200400aReading economic geography /cedited by Trevor J. Barnes ... [et al.]. aMalden, MA :bBlackwell Pub.,c2004. axii, 479 p. ;c26 cm. aIncludes bibliographical references and index. 0aEconomic geography.1 aBarnes, Trevor J.